000 00483cam a2200193 4500
001 45797
010 _a9720162201
021 _b108883/97
090 _a45797
100 _a19971106d1997 c y0pory5003 ba
101 0 _apor
102 _aPT
200 1 _aAndorinha Turrinha no deserto das flores
_fJorge Lima
210 9 _aPorto
_cPorto Editora,
_d1997
215 _a31, [1] p.
_cmuito il.
_d28 cm
675 _a087.5
_vBN
_zpor
700 1 _94
_aLima,
_bJorge
801 0 _aPT
_bBN
_gRPC
990 _cLIVROS